000 01111 a2200217 4500
001 45775
005 20260407155729.0
008 260407a2007 arg spa d
003 AR-UNSa-BCEJYS
040 _aAR-UNSa-BCEJYS
_bspa
_cAR-UNSa-BCEJYS
080 _a308
_xSociografía. Estudios descriptivos de la sociedad (cualitativos y cuantitativos)
245 1 0 _aUn sistema de indicadores para el seguimiento de la cohesión social en América Latina
264 1 _aSantiago de Chile :
_bCEPAL (Comisión Económica para América Latina y el Caribe)
_c2007
300 _a172 p.
_c23 cm.
505 _a1. Introducción – 2. Antecedentes generales – 3. Marco conceptual – 4. Distancias : dimensiones e indicadores – 5. Mecanismos institucionales de inclusión-exclusión : dimensiones e indicadores – 6. Sentido de pertenencia : dimensiones e indicadores – 7. Fichas técnicas.
041 _aspa
942 _cBK
590 _aniveau_biblio:m niveau_hierar:0
100 1 _aFeres, Juan Carlos
856 4 1 _uhttps://www.biblioeco.unsa.edu.ar/pmb/images/libros/L127177.jpg
_yImagen de portada
_qimage/jpeg
999 _c3995
_d3995